000 00538cam a2200145 4500500
005 20251228072919.0
041 _afre
042 _adc
100 1 0 _aSeymour, Michel
_eauthor
245 0 0 _aAnne LEGARÉ, Le Québec otage de ses alliés. Les relations du Québec avec la France et les États-Unis, Montréal, VLB, 2003, 328 p.
260 _c2005.
500 _a38
786 0 _nCités | 23 | 3 | 2005-09-01 | p. 245e-272e | 1299-5495
856 4 1 _uhttps://shs.cairn.info/revue-cites-2005-3-page-245e?lang=fr&redirect-ssocas=7080
999 _c1594431
_d1594431